00923nam a2200217 a 450000100100000000500170001000800410002702000150006804000250008310000380010824501160014626000270026230000280028949000460031750400330036350400730039671000610046983000530053095201050058399900170068800004194020201002035837.0131017s1998 sp a 000 0 spa d a8400077725 aDO-SdBNPbspacBNPHU1 aFernández Juncal, Carmen96885414aVariación y prestigio :bestudio soiolingüístico en el oriente de Cantabria /cCarmen Fernández Juncal. aMadrid :bCSIC,c1998. a250 p. :bil. ;c25 cm.1 aBiblioteca de filología hispánicav21 aBibliografía : p. 3231-250 aIncluye referencias bibliográficas y notas al pie de las páginas2 aConsejo Superior de Investigaciones Científicas,94786 0aBiblioteca de filología hispánicav21967489 001050718MOaGRbGRcCTd2013-10-23iLF1l0o p41940-10r2020-06-25w2020-06-25y1ZNo se presta c41429d41429